Clubs des joueurs vainqueurs de la Coupe du Monde de la FIFA - Statistiques

Statistiques générales
  • Ce quiz a été pris 242 fois
  • Le résultat moyen est 31 sur 120
Statistiques - réponses
N Équipes % Correct
11 Real Madrid
98%
11 FC Barcelone
95%
7 Paris Saint-Germain
95%
5 Manchester United
88%
10 AC Milan
87%
2 Manchester City
87%
24 Bayern Munich
85%
20 Inter Milan
84%
5 Olympique de Marseille
80%
27 Juventus
79%
3 Olympique lyonnais
76%
5 Chelsea
75%
5 Liverpool
75%
7 Arsenal
72%
5 Atlético Madrid
71%
5 AS Monaco
63%
16 AS Rome
63%
5 FC Séville
62%
2 Napoli
62%
3 Tottenham Hotspur
62%
1 Aston Villa
57%
2 Benfica
51%
7 Borussia Dortmund
50%
4 Lazio
49%
4 Valence CF
49%
3 Bayer Leverkusen
44%
1 Girondins de Bordeaux
44%
11 Santos
43%
9 River Plate (Buenos Aires)
42%
1 River Plate (Montevideo)
42%
3 Betis Séville
41%
1 FC Nantes
40%
2 Boca Juniors
37%
7 Fiorentina
36%
2 Athletic Bilbao
34%
3 West Ham
34%
2 Parma
31%
3 Villarreal
31%
2 Hambourg SV
30%
13 São Paulo
30%
7 Flamengo
29%
3 VfB Stuttgart
28%
5 Schalke 04
27%
1 Everton
26%
3 AJ Auxerre
25%
1 Leicester City
25%
1 Torino
25%
3 Werder Brême
25%
4 Palermo
23%
8 Botafogo
21%
2 Deportivo La Coruña
20%
4 Eintracht Francfort
20%
6 Fluminense
20%
2 Leeds United
20%
2 Sampdoria
20%
1 FSV Francfort
19%
2 Genoa
19%
6 Borussia Mönchengladbach
18%
3 Grêmio
18%
2 Udinese
18%
9 FC Cologne
17%
9 Palmeiras
17%
8 Corinthians
15%
1 FC Metz
15%
1 Fulham
15%
4 Vasco da Gama
14%
14 Peñarol
13%
1 Brighton & Hove Albion
12%
1 Cagliari
12%
1 Wolverhampton
12%
5 Cruzeiro
10%
13 Nacional
10%
2 Racing Club de Avellaneda
10%
1 Racing Club Montevideo
10%
1 Southampton
10%
1 Estudiantes de la Plata
8%
2 FC Nüremberg
8%
1 SC Fribourg
8%
2 Atletico Mineiro
7%
5 FC Kaiserslautern
7%
2 Fortuna Düsseldorf
6%
1 Hanovre 96
6%
7 Independiente
6%
1 Lecce
6%
2 Newell's Old Boys
6%
5 Bologna
5%
1 Club América
5%
1 Sheffield Wednesday
5%
1 Atlanta United
4%
1 FC Augsbourg
4%
2 San Lorenzo
4%
1 Elche
3%
3 Talleres de Córdoba
3%
1 Vélez Sársfield
3%
2 Danubio
2%
3 Huracán
2%
1 Rot-Weiss Essen
2%
2 Argentinos Juniors
1%
3 Bella Vista
1%
2 Blackpool
1%
2 Central
1%
3 Cerro
1%
1 Deportivo Español
1%
2 Greuther Fürth
1%
1 Livorno
1%
1 Olimpia
1%
1 Pisa
1%
2 Rampla Juniors
1%
1 Reggiana
1%
3 Triestina
1%
1 Atlético Paranaense
0%
1 Bangu
0%
1 Ferro Carril Oeste
0%
1 FK 03 Pirmasens
0%
1 KSV Hessen Kassel
0%
1 Lucchese
0%
1 Miramar Misiones
0%
1 Montevideo Wanderers
0%
3 Portuguesa
0%
1 Shimizu S-Pulse
0%
Aucun quiz correspondant
Distribution des résultats
% des personnes avec chaque résultat
Percentile par nombre de réponses
Votre historique - résultats
Vous n’avez pas pris ce quiz